MARC

LEADER 00000nam0a2200000 4500
001 108417
005 20231101214810.0
035 |a (RuTPU)RU\TPU\book\117043 
090 |a 108417 
100 |a 20070119d1974 km y0rusy50 ca 
101 0 |a rus 
102 |a RU 
105 |a a z 001zy 
200 1 |a Аналитическая химия марганца  |f А. К. Лаврухина, Л. В. Юкина 
210 |a Москва  |c Наука  |d 1974 
215 |a 220 с.  |c ил. 
225 1 |a Аналитическая химия элементов 
320 |a Литература: с. 175-213. 
320 |a Предметный указатель: с. 214-217. 
606 1 |a Марганец  |x Химический анализ  |2 stltpush  |3 (RuTPU)RU\TPU\subj\41011  |9 60834 
610 1 |a аналитическая химия 
610 1 |a обнаружение 
610 1 |a определение 
675 |a 546.71  |v 3 
700 1 |a Лаврухина  |b А. К.  |g Августа Константиновна 
701 1 |a Юкина  |b Л. В.  |g Лидия Владимировна 
801 1 |a RU  |b 63413507  |c 20070119  |g PSBO 
801 2 |a RU  |b 63413507  |c 20170919  |g PSBO 
942 |c BK